00261nam a2200121Ia 4500008004100000041000800041082001500049100002200064245002200086260000900108300001400117365000800131210423s2008 xx 000 0 und d aeng a380.1 SHES aSHERLEKAR ( S A). aModern marketing. c2008 axxiv,9.64 cINR